| 000 | 00401nam a2200169Ia 4500 | ||
|---|---|---|---|
| 008 | 180207s9999 xx 000 0 und d | ||
| 020 | _a9789835102431 | ||
| 050 | _bS684 1998 | ||
| 245 | _aSolar system / | ||
| 260 | _aMalasia : | ||
| 260 | _bSheth Publishing House, | ||
| 260 | _c1998 | ||
| 300 | _aunpaged : | ||
| 300 | _bchiefly colored ; | ||
| 300 | _c26cm. | ||
| 440 | _aLamination series. | ||
| 999 |
_c355665 _d355665 |
||